[Event "XXVII Puchar Grunwaldu"]
[Site "Dadaj/Ramsowo"]
[Date "2012.09.21"]
[Round "7.5"]
[White "Migala, Andrzej"]
[Black "Czajkowski, Adam"]
[Result "1/2-1/2"]
[WhiteElo "2078"]
[BlackElo "1887"]
[PlyCount "40"]
[EventDate "2012.09.16"]

1. e4 c5 2. Nc3 e6 3. g3 Nf6 4. e5 Nd5 5. Nxd5 exd5 6. d4 Nc6 7. dxc5 Bxc5 8.
Nf3 Qb6 9. Qd2 O-O 10. Bg2 d6 11. O-O dxe5 12. Qxd5 Be6 13. Qe4 f5 14. Qe2 e4
15. Ng5 Ne5 16. Nxe6 Qxe6 17. Bf4 Nc6 18. c3 Rfd8 19. Rfd1 Rxd1+ 20. Qxd1 Rd8
1/2-1/2

[Event "XXVII Puchar Grunwaldu"]
[Site "Dadaj/Ramsowo"]
[Date "2012.09.21"]
[Round "7.6"]
[White "Wojcieszyn, Zdzislaw"]
[Black "Gosek, Zenon"]
[Result "1/2-1/2"]
[WhiteElo "1944"]
[BlackElo "2022"]
[PlyCount "43"]
[EventDate "2012.09.16"]

1. e4 e5 2. Nf3 Nc6 3. Bb5 a6 4. Ba4 Nf6 5. O-O b5 6. Bb3 Be7 7. d3 O-O 8. Bg5
d6 9. h3 h6 10. Bxf6 Bxf6 11. c4 b4 12. Ba4 Ne7 13. Nbd2 c6 14. Re1 Be6 15. Nf1
Qc7 16. Ne3 a5 17. Rc1 Rfd8 18. Kh2 c5 19. Ng1 Bd7 20. Bxd7 Qxd7 21. Qg4 Qxg4
22. Nxg4 1/2-1/2

[Event "XXVII Puchar Grunwaldu"]
[Site "Dadaj/Ramsowo"]
[Date "2012.09.21"]
[Round "7.7"]
[White "Hilton, Stephen H"]
[Black "Poswiatowski, Stanislaw"]
[Result "1/2-1/2"]
[WhiteElo "1912"]
[BlackElo "1700"]
[PlyCount "40"]
[EventDate "2012.09.16"]

1. d4 d5 2. c4 e6 3. Nc3 Nf6 4. Nf3 c6 5. cxd5 exd5 6. Bg5 Be7 7. Qc2 Nbd7 8.
e3 O-O 9. Bd3 Re8 10. O-O Ne4 11. Bxe7 Qxe7 12. Rab1 f5 13. b4 a6 14. a4 Ndf6
15. Ne5 Nxc3 16. Qxc3 Ne4 17. Qc2 Qg5 18. f4 Qh5 19. Rf3 Re6 20. Rh3 Qe8
1/2-1/2

[Event "XXVII Puchar Grunwaldu"]
[Site "Dadaj/Ramsowo"]
[Date "2012.09.21"]
[Round "7.8"]
[White "Krynicki, Henryk"]
[Black "Traczyk, Tadeusz"]
[Result "1/2-1/2"]
[WhiteElo "1716"]
[BlackElo "1875"]
[PlyCount "63"]
[EventDate "2012.09.16"]

1. e4 c5 2. Nf3 e6 3. d4 cxd4 4. Nxd4 Nf6 5. Nc3 Nc6 6. g3 Bb4 7. Bg2 O-O 8.
Nde2 e5 9. O-O d6 10. Bg5 h6 11. Bxf6 Qxf6 12. Nd5 Qd8 13. Nxb4 Nxb4 14. Qd2
Qb6 15. b3 Bg4 16. Nc3 Qd4 17. Qxd4 exd4 18. Nd5 Nxc2 19. Rac1 d3 20. f3 Be6
21. Rfd1 Bxd5 22. exd5 Nb4 23. a3 Nc2 24. Rxd3 Nxa3 25. Rc7 b6 26. Re3 Nb5 27.
Rd7 Rfd8 28. Ree7 Rxd7 29. Rxd7 Nd4 30. Rxd6 Nxb3 31. f4 Nc5 32. Rc6 1/2-1/2

[Event "XXVII Puchar Grunwaldu"]
[Site "Dadaj/Ramsowo"]
[Date "2012.09.21"]
[Round "7.10"]
[White "Staruch, Roman"]
[Black "Jelen, Janusz"]
[Result "0-1"]
[WhiteElo "1945"]
[BlackElo "1977"]
[PlyCount "124"]
[EventDate "2012.09.16"]

1. e4 e5 2. f4 exf4 3. Nf3 Be7 4. Bc4 Bh4+ 5. Kf1 Nh6 6. d4 Ng4 7. Qe2 O-O 8.
Bxf4 d6 9. g3 Be7 10. Kg2 c6 11. h3 Nf6 12. Nbd2 Nh5 13. Be3 d5 14. Bd3 dxe4
15. Nxe4 f5 16. Bc4+ Kh8 17. Nfg5 Nxg3 18. Kxg3 fxe4 19. Nf7+ Rxf7 20. Bxf7
Bd6+ 21. Kg2 Qh4 22. Qf2 Qe7 23. Bb3 Be6 24. Bxe6 Qxe6 25. Rhf1 Qg6+ 26. Kh1
Nd7 27. Qg2 Qe8 28. Rg1 Qe7 29. Raf1 Nf6 30. Qg5 Re8 31. c4 b6 32. h4 Bb8 33.
h5 Qd7 34. Qf5 Re6 35. h6 g6 36. Qg5 Kg8 37. Rg2 Bd6 38. Kg1 Be7 39. Qg3 Bd6
40. Qh3 Qe8 41. Qh4 Nd7 42. d5 cxd5 43. cxd5 Re7 44. Rgf2 Re5 45. Qf4 Rxd5 46.
Qf7+ Qxf7 47. Rxf7 Be5 48. Bg5 Bd4+ 49. Kh1 Bxb2 50. Be7 Rh5+ 51. Kg2 Rxh6 52.
Bg5 Rh5 53. Rxd7 Rxg5+ 54. Kh3 Be5 55. Rc1 Rg3+ 56. Kh4 g5+ 57. Kh5 Bg7 58.
Rc8+ Bf8 59. Rcc7 e3 60. Rxh7 Rh3+ 61. Kg6 Rxh7 62. Rxh7 e2 0-1

[Event "XXVII Puchar Grunwaldu"]
[Site "Dadaj/Ramsowo"]
[Date "2012.09.21"]
[Round "7.11"]
[White "Wyrzykowski, Jozef"]
[Black "Bzowski, Grzegorz"]
[Result "0-1"]
[WhiteElo "1725"]
[BlackElo "1685"]
[PlyCount "124"]
[EventDate "2012.09.16"]

1. c4 e6 2. Nc3 d5 3. cxd5 exd5 4. d4 c6 5. Nf3 Nd7 6. Bf4 Ngf6 7. h3 Be7 8. e3
O-O 9. Bd3 Re8 10. O-O Nf8 11. Qc2 Ng6 12. Bh2 Bd6 13. a3 Bxh2+ 14. Nxh2 a5 15.
b4 axb4 16. axb4 Bd7 17. b5 Qc8 18. Rxa8 Qxa8 19. bxc6 bxc6 20. Na4 Rb8 21. Nc5
Nf8 22. Na6 Rb6 23. Ra1 Bc8 24. Qe2 Ne4 25. Nf3 Nd7 26. Qf1 Qb7 27. Ne5 Nxe5
28. dxe5 Qe7 29. f4 f6 30. exf6 Nxf6 31. Qe2 c5 32. Rb1 Rxb1+ 33. Bxb1 Bxa6 34.
Qxa6 Qxe3+ 35. Kh2 Qxf4+ 36. Kg1 Qd4+ 37. Kh2 Qe5+ 38. Kg1 Qe1+ 39. Qf1 Qxf1+
40. Kxf1 Kf7 41. Ke2 Ke6 42. Ke3 Ke5 43. Bc2 h6 44. Bb1 g5 45. Bc2 c4 46. Bb1
d4+ 47. Ke2 Ne4 48. Bc2 d3+ 49. Bxd3 cxd3+ 50. Kxd3 Kf4 51. Ke2 Kg3 52. Kf1 Kh2
53. g4 Kxh3 54. Kg1 Kxg4 55. Kg2 h5 56. Kh2 h4 57. Kg2 Kf4 58. Kh3 g4+ 59. Kg2
g3 60. Kg1 h3 61. Kh1 Kf3 62. Kg1 h2+ 0-1

[Event "XXVII Puchar Grunwaldu"]
[Site "Dadaj/Ramsowo"]
[Date "2012.09.21"]
[Round "8.1"]
[White "Mackowiak, Marek"]
[Black "Dukaczewski, Piotr"]
[Result "1-0"]
[WhiteElo "2160"]
[BlackElo "2221"]
[PlyCount "43"]
[EventDate "2012.09.16"]

1. c4 g6 2. d4 Bg7 3. Nf3 d6 4. h3 f5 5. Nc3 Nf6 6. Be3 O-O 7. Qd2 c6 8. Bh6
Ne4 9. Nxe4 fxe4 10. Bxg7 Kxg7 11. Nh2 h5 12. g4 h4 13. f3 d5 14. fxe4 dxc4 15.
Nf3 e6 16. Bg2 b5 17. O-O Nd7 18. Ng5 Nf6 19. e5 Nd5 20. Rxf8 Qxf8 21. Rf1 Qd8
22. Nf7 1-0

[Event "XXVII Puchar Grunwaldu"]
[Site "Dadaj/Ramsowo"]
[Date "2012.09.21"]
[Round "8.2"]
[White "Czajkowski, Adam"]
[Black "Stachanczyk, Jacek"]
[Result "0-1"]
[WhiteElo "1887"]
[BlackElo "2247"]
[PlyCount "106"]
[EventDate "2012.09.16"]

1. e4 c5 2. Nf3 Nc6 3. Bb5 d6 4. O-O Bd7 5. c3 Nf6 6. Re1 a6 7. Bf1 Bg4 8. h3
Bxf3 9. Qxf3 g6 10. d3 Bg7 11. Be3 O-O 12. a4 Rc8 13. Nd2 Qd7 14. g4 b6 15. Bg2
d5 16. g5 dxe4 17. dxe4 Nh5 18. Qe2 Ra8 19. Nc4 Rab8 20. a5 b5 21. Nb6 Qc7 22.
Bxc5 Nxa5 23. Rxa5 Qxc5 24. Nd7 Qc7 25. Nxb8 Qxa5 26. Nc6 Qc7 27. Nb4 a5 28.
Nd5 Qe5 29. Qe3 e6 30. Ne7+ Kh8 31. Nc6 Qc7 32. e5 Rc8 33. Na7 Rb8 34. Nc6 Re8
35. Nd4 b4 36. cxb4 axb4 37. Bf3 Rd8 38. Bxh5 gxh5 39. Nb5 Qc2 40. Nd6 Kg8 41.
Qf3 Qg6 42. Kh1 Bxe5 43. Rxe5 Rxd6 44. Kh2 Rd2 45. b3 Qc2 46. Kg2 Rd3 47. Qf6
Qc6+ 48. f3 h4 49. Re2 Qd6 50. f4 Qc6+ 51. Kh2 Qf3 52. Ra2 Qg3+ 53. Kh1 Rd1#
0-1

[Event "XXVII Puchar Grunwaldu"]
[Site "Dadaj/Ramsowo"]
[Date "2012.09.21"]
[Round "8.3"]
[White "Pawelec, Bartosz"]
[Black "Suder, Ryszard"]
[Result "1/2-1/2"]
[WhiteElo "2012"]
[BlackElo "2145"]
[PlyCount "65"]
[EventDate "2012.09.16"]

1. d4 Nf6 2. c4 g6 3. f3 Bg7 4. e4 d6 5. Be3 O-O 6. Nc3 Nbd7 7. Qd2 e5 8. d5 a5
9. h4 Nc5 10. O-O-O Nh5 11. g4 Ng3 12. Rh2 f5 13. gxf5 gxf5 14. Bg5 Qe8 15. Bd3
Qh5 16. Be3 Qf7 17. Rg2 f4 18. Bf2 Nh5 19. Nge2 Kh8 20. Rdg1 Bf6 21. Nb5 b6 22.
Nec3 Ba6 23. Bf1 Qe7 24. Kc2 Rae8 25. Na7 Qf7 26. Rh2 Rg8 27. b3 Rxg1 28. Bxg1
Rg8 29. Bf2 Ng3 30. Bh3 Rg7 31. Qe1 Qe8 32. Ne2 Qg8 33. h5 1/2-1/2

[Event "XXVII Puchar Grunwaldu"]
[Site "Dadaj/Ramsowo"]
[Date "2012.09.21"]
[Round "8.4"]
[White "Gunajew, Rafal"]
[Black "Wojcieszyn, Zdzislaw"]
[Result "1/2-1/2"]
[WhiteElo "2269"]
[BlackElo "1944"]
[PlyCount "75"]
[EventDate "2012.09.16"]

1. e4 c5 2. Nf3 Nc6 3. Bd3 d6 4. c3 g6 5. O-O Bg7 6. Bc2 Bg4 7. h3 Bxf3 8. Qxf3
Nf6 9. d3 O-O 10. Qe2 e5 11. Nd2 d5 12. Nf3 dxe4 13. dxe4 Qc7 14. Bg5 h6 15.
Bxf6 Bxf6 16. Bb3 Kg7 17. Rfd1 Rfd8 18. Bd5 a6 19. a4 Rd7 20. Qc4 Na5 21. Qe2
Rad8 22. b3 Nc6 23. Rd3 Ne7 24. Rad1 b5 25. axb5 axb5 26. c4 bxc4 27. bxc4 Nc6
28. Bxc6 Qxc6 29. Rxd7 Rxd7 30. Rxd7 Qxd7 31. Ne1 Qd4 32. Qd3 Kf8 33. Qxd4 cxd4
34. Nd3 Ke7 35. Kf1 Kd6 36. Ke2 Bg7 37. Kd2 h5 38. Kc2 1/2-1/2

[Event "XXVII Puchar Grunwaldu"]
[Site "Dadaj/Ramsowo"]
[Date "2012.09.21"]
[Round "8.5"]
[White "Migala, Andrzej"]
[Black "Falkowski, Dawid"]
[Result "1-0"]
[WhiteElo "2078"]
[BlackElo "2020"]
[PlyCount "81"]
[EventDate "2012.09.16"]

1. e4 c5 2. Nc3 Nc6 3. Nf3 a6 4. d4 cxd4 5. Nxd4 e6 6. g3 Bc5 7. Nb3 Ba7 8. a4
Nge7 9. Bg2 O-O 10. Bf4 d5 11. exd5 exd5 12. O-O Be6 13. Bg5 f6 14. Bf4 d4 15.
Ne2 Nd5 16. Re1 Bg4 17. c4 Ndb4 18. h3 Bh5 19. g4 Bg6 20. Rc1 Nd3 21. c5 Nxc1
22. Nexc1 Re8 23. Bd6 d3 24. Rxe8+ Qxe8 25. Nxd3 Bb8 26. Nf4 Bxd6 27. cxd6 Qe5
28. Nxg6 hxg6 29. d7 Rd8 30. Qd5+ Kh8 31. Nc5 Nb8 32. Qxe5 fxe5 33. Bxb7 Nxd7
34. Nxd7 Rxd7 35. Bxa6 Rd4 36. b3 Rb4 37. Bc4 g5 38. a5 Kh7 39. a6 Rb8 40. Bd5
Rd8 41. Be4+ 1-0

 Bd5 Rd8 43. Be4+ 1-0

[Event "XXVII Puchar Grunwaldu"]
[Site "Dadaj/Ramsowo"]
[Date "2012.09.21"]
[Round "8.6"]
[White "Poswiatowski, Stanislaw"]
[Black "Krol, Mariusz"]
[Result "1-0"]
[WhiteElo "1700"]
[BlackElo "2024"]
[PlyCount "71"]
[EventDate "2012.09.16"]

1. d4 d5 2. Nf3 Nf6 3. c4 e6 4. cxd5 exd5 5. Nc3 c6 6. Qc2 Bd6 7. Bg5 O-O 8. e3
h6 9. Bh4 Nbd7 10. Bd3 Re8 11. Bg3 Bxg3 12. hxg3 a5 13. O-O Qe7 14. Rfe1 Ne4
15. Rac1 f5 16. Ne2 Ndf6 17. Ne5 Ng4 18. Nxg4 fxg4 19. Nc3 Bf5 20. Nxe4 Bxe4
21. Bxe4 dxe4 22. Qb3+ Kh8 23. Rc5 Qc7 24. Rec1 Ra6 25. Rb5 b6 26. Qc2 Re6 27.
Qc4 Qd7 28. Re5 Rxe5 29. dxe5 b5 30. Qxe4 Qe6 31. Rd1 Ra8 32. Rd6 Qxa2 33. e6
Re8 34. e7 Kg8 35. Rd8 Kf7 36. Qf5+ 1-0

[Event "XXVII Puchar Grunwaldu"]
[Site "Dadaj/Ramsowo"]
[Date "2012.09.21"]
[Round "8.7"]
[White "Gosek, Zenon"]
[Black "Hilton, Stephen H"]
[Result "1-0"]
[WhiteElo "2022"]
[BlackElo "1912"]
[PlyCount "41"]
[EventDate "2012.09.16"]

1. e4 c5 2. c3 Nf6 3. e5 Nd5 4. Bc4 Nb6 5. Bb3 d5 6. exd6 Qxd6 7. Nf3 Nc6 8.
O-O c4 9. Bc2 Bg4 10. b3 O-O-O 11. h3 Bxf3 12. Qxf3 Ne5 13. Qe2 Nd3 14. bxc4
Nxc1 15. Rxc1 Qf4 16. c5 Nc4 17. Rd1 Nb2 18. Re1 Qc4 19. d4 e6 20. Qf3 f6 21.
Bb3 1-0

[Event "XXVII Puchar Grunwaldu"]
[Site "Dadaj/Ramsowo"]
[Date "2012.09.21"]
[Round "8.9"]
[White "Jelen, Janusz"]
[Black "Krynicki, Henryk"]
[Result "1-0"]
[WhiteElo "1977"]
[BlackElo "1716"]
[PlyCount "95"]
[EventDate "2012.09.16"]

1. d4 c5 2. d5 b5 3. e4 a6 4. a4 bxa4 5. Rxa4 d6 6. f4 Nf6 7. Qf3 Nbd7 8. c4
Rb8 9. Bd3 g6 10. Nd2 Bg7 11. Ne2 O-O 12. b3 Nb6 13. Ra2 Bg4 14. Qg3 Bxe2 15.
Bxe2 Nfd7 16. O-O a5 17. Kh1 Ra8 18. Bb2 Bxb2 19. Rxb2 a4 20. e5 axb3 21. Rxb3
Ra2 22. Qe3 dxe5 23. f5 Nf6 24. Qh6 Nbd7 25. Rh3 Qa5 26. fxg6 fxg6 27. Nb3 Qa7
28. Bg4 Ra8 29. Be6+ Kh8 30. Qxg6 Nf8 31. Qg5 Nxe6 32. dxe6 Rg8 33. Qxe5 Raxg2
34. Qf5 Qa8 35. Qf3 Ne4 36. Rxh7+ Kxh7 37. Qh3+ Kg7 38. Qxg2+ Ng5 39. Rf7+ Kg6
40. Qxa8 Rxa8 41. Rxe7 Kf6 42. Rb7 Nxe6 43. Kg2 Ke5 44. Rb5 Rg8+ 45. Kh1 Rf8
46. h3 Rf1+ 47. Kg2 Rb1 48. Rb7 1-0

[Event "XXVII Puchar Grunwaldu"]
[Site "Dadaj/Ramsowo"]
[Date "2012.09.21"]
[Round "8.10"]
[White "Traczyk, Tadeusz"]
[Black "Bzowski, Grzegorz"]
[Result "1-0"]
[WhiteElo "1875"]
[BlackElo "1685"]
[PlyCount "39"]
[EventDate "2012.09.16"]

1. e4 e6 2. d4 d5 3. e5 c5 4. c3 Nc6 5. a3 Qb6 6. Nf3 cxd4 7. cxd4 Nh6 8. Bd3
Nf5 9. Bxf5 exf5 10. O-O Be6 11. b4 Be7 12. Nc3 O-O 13. Na4 Qc7 14. Bg5 b5 15.
Bxe7 Qxe7 16. Nc3 a6 17. Rc1 Rac8 18. Ne2 Rc7 19. Rc5 Nd8 20. Nc1 1-0

[Event "XXVII Puchar Grunwaldu"]
[Site "Dadaj/Ramsowo"]
[Date "2012.09.22"]
[Round "9.2"]
[White "Dukaczewski, Piotr"]
[Black "Suder, Ryszard"]
[Result "1-0"]
[WhiteElo "2221"]
[BlackElo "2145"]
[PlyCount "100"]
[EventDate "2012.09.16"]

1. e4 d6 2. d4 Nf6 3. Nc3 g6 4. f4 Bg7 5. Nf3 O-O 6. Bd3 Na6 7. O-O c5 8. d5
Bg4 9. h3 Bxf3 10. Rxf3 Nc7 11. a4 a6 12. a5 Nb5 13. Ne2 c4 14. Bxc4 Nxe4 15.
Bxb5 axb5 16. Qd3 f5 17. Qxb5 Qc7 18. c3 Rfc8 19. Be3 Qc4 20. Qxc4 Rxc4 21. Bb6
Kf7 22. Rd1 Nc5 23. Bxc5 Rxc5 24. b4 Rc4 25. Kf2 Rac8 26. Rdd3 Ke8 27. Ke1 Kd7
28. Kd2 Bf6 29. g3 Kc7 30. Kc2 b6 31. Kb3 Kb7 32. axb6 Kxb6 33. h4 Kb5 34. Rfe3
R8c7 35. Ng1 Ra7 36. Rd1 Rc8 37. Nf3 Rca8 38. Nd2 Ra2 39. Nc4 Rg2 40. Na5 Rc8
41. Ra1 Bxc3 42. Rxc3 Rxc3+ 43. Kxc3 Rxg3+ 44. Kd2 Rg4 45. Nc6 Rxf4 46. Ra7 Kc4
47. Rb7 Kxd5 48. Nxe7+ Kc4 49. b5 Kc5 50. b6 Rxh4 1-0

[Event "XXVII Puchar Grunwaldu"]
[Site "Dadaj/Ramsowo"]
[Date "2012.09.22"]
[Round "9.3"]
[White "Pawelec, Bartosz"]
[Black "Migala, Andrzej"]
[Result "1/2-1/2"]
[WhiteElo "2012"]
[BlackElo "2078"]
[PlyCount "40"]
[EventDate "2012.09.16"]

1. d4 d5 2. c4 c6 3. cxd5 cxd5 4. Nc3 Nf6 5. Bf4 Nc6 6. e3 a6 7. Bd3 e6 8. Nge2
Bd6 9. O-O O-O 10. Rc1 Re8 11. Bb1 Bxf4 12. Nxf4 Qd6 13. Nh5 Nxh5 14. Qxh5 g6
15. Qg5 Kg7 16. a3 f6 17. Qg3 Qxg3 18. hxg3 Re7 19. Na4 Bd7 20. Nc5 Be8 1/2-1/2

[Event "XXVII Puchar Grunwaldu"]
[Site "Dadaj/Ramsowo"]
[Date "2012.09.22"]
[Round "9.5"]
[White "Gosek, Zenon"]
[Black "Poswiatowski, Stanislaw"]
[Result "1-0"]
[WhiteElo "2022"]
[BlackElo "1700"]
[PlyCount "54"]
[EventDate "2012.09.16"]

1. e4 c6 2. d4 d5 3. e5 Bf5 4. Ne2 e6 5. Ng3 Bg6 6. h4 h6 7. Be3 Qb6 8. Qc1 c5
9. c3 Nc6 10. Nd2 cxd4 11. cxd4 Bb4 12. a3 Bf8 13. h5 Bh7 14. Qc3 Nge7 15. Bd3
Bxd3 16. Qxd3 Rc8 17. O-O Rc7 18. b4 Nc8 19. Nb3 a6 20. Rac1 Be7 21. f4 O-O 22.
f5 Bh4 23. Rf3 N6e7 24. Rxc7 Qxc7 25. fxe6 Bxg3 26. Rxg3 Nf5 27. Qxf5 fxe6 1-0

[Event "XXVII Puchar Grunwaldu"]
[Site "Dadaj/Ramsowo"]
[Date "2012.09.22"]
[Round "9.6"]
[White "Wojcieszyn, Zdzislaw"]
[Black "Czajkowski, Adam"]
[Result "0-1"]
[WhiteElo "1944"]
[BlackElo "1887"]
[PlyCount "100"]
[EventDate "2012.09.16"]

1. c4 Nf6 2. Nf3 g6 3. d4 Bg7 4. g3 O-O 5. Bg2 c5 6. d5 d6 7. Nc3 Nbd7 8. O-O
Nb6 9. Qd3 e5 10. Bg5 h6 11. Bxf6 Qxf6 12. Nd2 Bd7 13. Rab1 Rae8 14. b4 Qd8 15.
bxc5 dxc5 16. Nb5 Nc8 17. Qa3 Bxb5 18. Rxb5 b6 19. e4 f5 20. f3 Rf7 21. Rbb1
Ref8 22. Qb3 h5 23. Qe3 Kh8 24. Bh3 Nd6 25. Qe2 Bh6 26. Rb2 Qg5 27. exf5 Qe3+
28. Qxe3 Bxe3+ 29. Kg2 gxf5 30. Rc1 e4 31. f4 Rg7 32. Kh1 h4 33. Re1 Bf2 34.
Rf1 hxg3 35. hxg3 e3 36. Rxf2 exf2 37. Kg2 Rh7 38. Rb1 Ne4 39. Nf1 Kg7 40. Ne3
Rfh8 41. Nxf5+ Kf6 42. Nh4 Rxh4 43. gxh4 Nd2 44. Rd1 f1=Q+ 45. Rxf1 Nxf1 46.
Kxf1 Rxh4 47. Be6 Rxf4+ 48. Ke2 Rxc4 49. Kd3 Rd4+ 50. Kc3 Ke5 0-1

[Event "XXVII Puchar Grunwaldu"]
[Site "Dadaj/Ramsowo"]
[Date "2012.09.22"]
[Round "9.7"]
[White "Falkowski, Dawid"]
[Black "Traczyk, Tadeusz"]
[Result "1/2-1/2"]
[WhiteElo "2020"]
[BlackElo "1875"]
[PlyCount "51"]
[EventDate "2012.09.16"]

1. e4 c5 2. Nf3 Nc6 3. d4 cxd4 4. Nxd4 Nf6 5. Nc3 e6 6. Bg5 Bb4 7. Nxc6 bxc6 8.
Qf3 e5 9. Bc4 h6 10. Bd2 d6 11. Qg3 Nh5 12. Qf3 Nf6 13. O-O Bxc3 14. Bxc3 O-O
15. Rad1 Bg4 16. Qg3 Bxd1 17. Rxd1 Nxe4 18. Qg6 Nxc3 19. bxc3 d5 20. Qxc6 Qf6
21. Qxf6 gxf6 22. Bxd5 Rfd8 23. c4 Rab8 24. f4 exf4 25. c5 Rb5 26. Bxf7+
1/2-1/2

[Event "XXVII Puchar Grunwaldu"]
[Site "Dadaj/Ramsowo"]
[Date "2012.09.22"]
[Round "9.8"]
[White "Krol, Mariusz"]
[Black "Jelen, Janusz"]
[Result "0-1"]
[WhiteElo "2024"]
[BlackElo "1977"]
[PlyCount "44"]
[EventDate "2012.09.16"]

1. e4 e5 2. Nf3 Nc6 3. Bb5 d6 4. d3 f5 5. Nc3 Nf6 6. O-O f4 7. Nd5 Bd7 8. b3 a6
9. Bxc6 bxc6 10. Nxf6+ Qxf6 11. d4 Bg4 12. dxe5 dxe5 13. Bb2 Bd6 14. Qd3 c5 15.
Qd5 Ra7 16. Nd2 Be6 17. Qd3 O-O 18. Nc4 Bxc4 19. Qxc4+ Kh8 20. Rad1 f3 21. Rd5
fxg2 22. Rfd1 Qxf2# 0-1

[Event "XXVII Puchar Grunwaldu"]
[Site "Dadaj/Ramsowo"]
[Date "2012.09.22"]
[Round "9.9"]
[White "Wyrzykowski, Jozef"]
[Black "Hilton, Stephen H"]
[Result "1/2-1/2"]
[WhiteElo "1725"]
[BlackElo "1912"]
[PlyCount "88"]
[EventDate "2012.09.16"]

1. c4 Nf6 2. Nc3 d5 3. cxd5 Nxd5 4. Nxd5 Qxd5 5. d3 g6 6. h3 Bg7 7. Nf3 O-O 8.
e3 c5 9. Be2 b6 10. O-O Bb7 11. Qc2 Nc6 12. a3 Rad8 13. Rb1 Ne5 14. Rd1 Qd7 15.
Nxe5 Bxe5 16. f4 Bg7 17. Rf1 Ba6 18. Rd1 e5 19. fxe5 Bxe5 20. b3 Bb8 21. Bb2
Qd6 22. Bf1 Qh2+ 23. Kf2 Bg3+ 24. Ke2 Qg1 25. Kd2 Qf2+ 26. Kc1 Qxe3+ 27. Qd2
Bf4 28. Qxe3 Bxe3+ 29. Kc2 Rfe8 30. Bc1 Bxc1 31. Rbxc1 Re6 32. Re1 Red6 33.
Rcd1 R8d7 34. a4 Bb7 35. Re3 a6 36. Rde1 Bc6 37. Re7 b5 38. Rxd7 Bxd7 39. a5
Bc6 40. Re5 Rd5 41. Rxd5 Bxd5 42. h4 Kg7 43. Kc3 Kf6 44. b4 cxb4+ 1/2-1/2